Urdu Zood Naveesi ka Irtaqa (Urdu). (Record no. 5019)
[ view plain ]
| 000 -LEADER | |
|---|---|
| fixed length control field | 00406 a2200145 4500 |
| 082 ## - DEWEY DECIMAL CLASSIFICATION NUMBER | |
| Classification number | 891.439 |
| 090 ## - LOCALLY ASSIGNED LC-TYPE CALL NUMBER (OCLC); LOCAL CALL NUMBER (RLIN) | |
| -- | 1056 |
| -- | 1056 |
| 100 ## - MAIN ENTRY--PERSONAL NAME | |
| Personal name | Khan, Atta-ul-allah. |
| 245 ## - TITLE STATEMENT | |
| Title | Urdu Zood Naveesi ka Irtaqa (Urdu). |
| Statement of responsibility, etc. | Atta-ul-allah,Khan. |
| 260 ## - PUBLICATION, DISTRIBUTION, ETC. | |
| Place of publication, distribution, etc. | Islamabad: |
| Name of publisher, distributor, etc. | Muqtadara Qomi Zuban, |
| Date of publication, distribution, etc. | 1996. |
| 300 ## - PHYSICAL DESCRIPTION | |
| Extent | 270 p. ; |
| Dimensions | 22 cm. |
| 500 ## - GENERAL NOTE | |
| General note | Includes Index |
| 650 ## - SUBJECT ADDED ENTRY--TOPICAL TERM | |
| Topical term or geographic name entry element | Urdu literature--History |
| 942 ## - ADDED ENTRY ELEMENTS (KOHA) | |
| Koha item type | Book |
| Call number prefix | 891.439 KHA |
| Withdrawn status | Lost status | Damaged status | Not for loan | Collection code | Permanent Location | Current Location | Shelving location | Date acquired | Source of acquisition | Cost, normal purchase price | Total Checkouts | Total Renewals | Full call number | Barcode | Date last seen | Date last checked out | Price effective from | Koha item type |
|---|---|---|---|---|---|---|---|---|---|---|---|---|---|---|---|---|---|---|
| Central Library (CL) | Central Library (CL) | General Stacks | 08/23/2002 | National Language Authority | 78.00 | 1 | 3 | 891.439 KHA | SEECS002275 | 06/11/2022 | 11/18/2021 | 01/05/2017 | Book |
